La enfermedad. (Registro nro. 466)

Detalles MARC
000 -LEADER
fixed length control field 00973cam a2200289 a 4500
005 - FECHA ULTIMA MODIFICACION
control field 20240627103321.0
008 - CAMPO DE CONTROL (LIBRO)
fixed length control field 100701s1994||||ag a f |||| 00| 0 spa d
020 ## - INTERNATIONAL STANDARD BOOK NUMBER
ISBN 9509129860
041 ## - CODIGO DE IDIOMA
Código de idioma del texto/pista de sonido o título separado spa
092 ## - SIGNATURA TOPOGRAFICA DEWEY LOCAL
número de clasificación 362.1
libristica 6
sección BER
100 1# - ENTRADA PRINCIPAL--NOMBRE PERSONAL
Nombre personal Berlinguer, Giovanni.
9 (RLIN) 1100
245 #3 - TITULO PROPIAMENTE DICHO
Título La enfermedad.
Subtítulo y Título paralelo Sufrimiento. Diferencia. Peligro. Señal. Estímulo /
Mención de responsabilidad y remanente de la transcripción de la portada Giovanni Berlinguer.
250 ## - MENCION DE EDICION
Mención de edición 1a ed.
260 ## - PIE DE IMPRENTA
Lugar de publicación, distribución, etc Buenos Aires:
Nombre de la editorial, distribuidor, etc Lugar Editorial;
Fecha de publicación 1994.
300 ## - DESCRIPCION FISICA
Extension 138 p.
Otros detalles físicos il.
500 ## - NOTA GENERAL
Nota general Berlinguer, G. (1994). La enfermedad. Sufrimiento. Diferencia. Peligro. Señal. Estímulo. (1a ed.). Buenos Aires : Lugar Editorial.
653 ## - TÉRMINO INDIZADO - PALABRAS CLAVES
Palabra clave Ciclo salud-enfermedad
653 ## - TÉRMINO INDIZADO - PALABRAS CLAVES
Palabra clave Enfermedad como sufrimiento
653 ## - TÉRMINO INDIZADO - PALABRAS CLAVES
Palabra clave Enfermedad como diferencia
653 ## - TÉRMINO INDIZADO - PALABRAS CLAVES
Palabra clave Enfermedad como peligro
653 ## - TÉRMINO INDIZADO - PALABRAS CLAVES
Palabra clave Enfermedad como señal
653 ## - TÉRMINO INDIZADO - PALABRAS CLAVES
Palabra clave Enfermedad como estímulo
653 ## - TÉRMINO INDIZADO - PALABRAS CLAVES
Palabra clave Perspectiva para la salud
930 ## - NUMERO DE INVENTARIO
Número de inventario 1350
930 ## - NUMERO DE INVENTARIO
Número de inventario 191
942 ## - ADDED ENTRY ELEMENTS (KOHA)
Source of classification or shelving scheme Dewey Decimal Classification
Item type Libros
Existencias
Estado de retiro Existencia Estado general No para prestamo Ubicación permanente ubicación actual Sala de ubicación Fecha de adquisición Total Checkouts Número de clasificación Código de barras Date last seen Date last borrowed Número de ejemplar Price effective from Koha tipo de elemento (item)
        Biblioteca Medicina Biblioteca Medicina Circulación 13/05/2011 1 362.1 6 BER 1350 06/11/2014 13/09/2013 ej.2 13/05/2011 Libros
        Biblioteca Medicina Biblioteca Medicina Circulación 13/05/2011   362.1 6 BER 191 06/11/2014   ej.1 13/05/2011 Libros

UNIVERSIDAD NACIONAL DEL COMAHUE
Biblioteca de la Facultad de Ciencias Médicas
Sede Toschi: Los Arrayanes y Av. Toschi, Cipolletti  - Rio Negro
Sede Los Tordos:  Yrigoyen al 2211, Cipolletti - Rio Negro 

Teléfono: 0299 - 4774707 int 25
Contacto: biblioteca@facimed.uncoma.edu.ar
© 2011 - 2026